Biblioteca

La reforma del derecho canónico (Registro nro. 69466)

Detalles MARC
000 -LÍDER
Campo fijo de descripción fija 00976nab a2200205 i 4500
001 - NÚMERO DE CONTROL
Campo de control 768714001
003 - IDENTIFICADOR DEL NÚMERO DE CONTROL
Campo de control CO-MdFUSB
005 - FECHA Y HORA DE LA ULTIMA TRANSACCIÓN
control field 20240506110137.0
008 - ELEMENTOS DE LONGITUD FIJA -- INFORMACIÓN GENERAL
Campo fijo de descripción fija -- Información general 240502t1965 sp ||||| |||| 00| 0 spa d
040 ## - FUENTE DE CATALOGACIÓN
Idioma de catalogación spa
Agencia que realiza la transcripción CO-MdFUSB
Agencia que realiza la modificación CO-MdFUSB
041 ## - CÓDIGO DE IDIOMA
Código de idioma para texto/pista de sonido o título separado spa
100 ## - ASIENTO PRINCIPAL--NOMBRE PERSONAL
Nombre personal Huizing, Petrus,
Término relacionador autor
245 #3 - TÍTULO
Título La reforma del derecho canónico
Mención de responsabilidad / Petrus Huizing
520 ## - NOTA DE RESUMEN, ETC.
Nota de sumario, etc. A continuación se presentan algunas publicaciones que abordan problemas generales relacionados con la reforma del derecho eclesiástico, teniendo en cuenta sobre todo la estructura de codificación y la relación entre el derecho canónico y otras iglesias reformadas.
650 #7 - ASIENTO SECUNDARIO DE MATERIA - TERMINO TEMÁTICO
Término temático o nombre geográfico como elemento de entrada Misiones (Derecho canónico)
9 (RLIN) 982
650 #7 - ASIENTO SECUNDARIO DE MATERIA - TERMINO TEMÁTICO
Término temático o nombre geográfico como elemento de entrada Iglesia
9 (RLIN) 655
773 0# - ASIENTO DE ITEM FUENTE
Biblionumber 49450
Itemnumber 82566
Otro identificador del ítem R2498
Título Revista internacional de teología Concilium
Número de control del registro (CO-MdFUSB)8
Número Internacional Normalizado para Publicaciones Seriadas (ISSN) 0210-1041
Parte(s) relacionada(s) / Volumen., número. (mes año), páginas Número 8, (septiembre - octubre, 1965), páginas: 101 - 29
Enumeración y primera página página: 101
942 ## - TIPO DE MATERIAL (KOHA)
Tipo de Item KOHA Artículos de Revista
945 ## - INFORMACIÓN LOCAL DEL REGISTRO
Catalogador Catherine Arias Álvarez practicante SENA

No hay ítems disponibles.

Biblioteca FUSBC | Teléfono: (57+4) 349 88 10 Ext. 141| WhatsApp (+57) 3005338115 
E-mail: biblioteca@unisbc.edu.co | Calle 76 87-14 Robledo Palenque, Medellín, Colombia

Con tecnología Koha